Представление документа в формате MARC21

Поле Инд. ПП Название Значение
Тип записи a
Библиографический уровень m
001 Контрольный номер RU/IS/BASE/393504641
005 Дата корректировки 20140703203454.3
040 a Служба первич. каталог. НБ ТвГУ
b Код языка каталог. rus
e Правила каталог. PSBO
041 0_ a Код языка текста rus
080 a Индекс УДК 316.3(043.3)
084 a Индекс другой классификации/Индекс ББК С027.1я031
090 a Полочн. индекс С027.1
x Авторский знак Г 83
100 1_ a Автор Григорьева Светлана Александровна
q Полное имя Григорьева С. А.
245 10 a Заглавие Гражданское общество как самоорганизующаяся система: специфика взаимодействия элементов
b Продолж. заглавия автореф. дис. ... к. филос. н. : 09.00.11
c Ответственность ФГОУ ВПО "Самар. гос. архитектурно-строит. ун-т, Каф. философии и истории
260 a Место издания Тверь
a Место издания Самара
c Дата издания 2012
300 a Объем 19 с.
500 a Примечание На правах рукоп.
504 a Библиография Библиогр.: с. 18-19 (11 назв.)
653 a Ключевые слова Авторефераты
a Ключевые слова Власть
a Ключевые слова Гражданское общество
a Ключевые слова Общественные отношения
a Ключевые слова Самоорганизующиеся системы
a Ключевые слова Социальная философия
a Ключевые слова Философия
a Ключевые слова Элементы гражданственности
901 t Тип документа m
920 a Оператор Густ
930 a Новая/Ретро авторефераты
952 c Вид литературы А/Р н
954 a Дата поступления на обработку 20120621